| 000 | 01009nam a22002297a 4500 | ||
|---|---|---|---|
| 003 | BD-DhUL | ||
| 005 | 20170430142159.0 | ||
| 008 | 160131s2017 bg |||| |||| 001 0 ben | ||
| 020 | _a9847012005118 | ||
| 040 |
_aBD-DhUL _cBD-DhUL |
||
| 082 |
_a954.92 _bMUK _223 |
||
| 245 | 0 | 0 |
_aমুক্তিযুদ্ধপঞ্জি / _cসংকলন ও সম্পাদনা মুনতাসীর মামুন ও হাসিনা আহমেদ। |
| 260 |
_aঢাকা : _bকথাপ্রকাশ, _c২০১৭। |
||
| 300 |
_a৭৯২ পৃ. ; _c২৪ সেমি. |
||
| 365 |
_aBDT _b1600 |
||
| 504 | _aগ্রন্থপঞ্জিগত তথ্য ও নির্ঘন্ট সংবলিত। | ||
| 651 | 0 |
_aBangladesh _xhistory |
|
| 651 | 0 |
_aবাংলাদেশ _xইতিহাস |
|
| 700 | 1 |
_aমামুন, মুনতাসীর _eসংকলক। |
|
| 700 | 1 |
_aআহমেদ, হাসিনা _eসংকলক। |
|
| 942 |
_2ddc _cBK |
||
| 999 |
_c194008 _d194008 |
||